Financial theory and coperate policy (Record no. 7658)

MARC details
000 -LEADER
fixed length control field 00617nam a22002177a 4500
003 - CONTROL NUMBER IDENTIFIER
control field OSt
005 - DATE AND TIME OF LATEST TRANSACTION
control field 20220127170355.0
008 - FIXED-LENGTH DATA ELEMENTS--GENERAL INFORMATION
fixed length control field 220127b ||||| |||| 00| 0 eng d
020 ## - INTERNATIONAL STANDARD BOOK NUMBER
International Standard Book Number 1-292-02158-6
040 ## - CATALOGING SOURCE
Transcribing agency DDC
082 ## - DEWEY DECIMAL CLASSIFICATION NUMBER
Classification number 658.15 COP 2014
100 ## - MAIN ENTRY--PERSONAL NAME
Personal name Copeland ,Thomas E : Weston Fred J
9 (RLIN) 15662
245 ## - TITLE STATEMENT
Title Financial theory and coperate policy
250 ## - EDITION STATEMENT
Edition statement 4th ed.
260 ## - PUBLICATION, DISTRIBUTION, ETC. (IMPRINT)
Place of publication, distribution, etc. Edinburgh Gate:
Name of publisher, distributor, etc. Pearson;
Date of publication, distribution, etc. 2014
300 ## - PHYSICAL DESCRIPTION
Extent ii,919p.:
Other physical details ill;
Dimensions 27cm
504 ## - BIBLIOGRAPHY, ETC. NOTE
Bibliography, etc includes appendix,index and References
650 ## - SUBJECT ADDED ENTRY--TOPICAL TERM
Topical term or geographic name as entry element Financial Theory.
9 (RLIN) 15663
650 ## - SUBJECT ADDED ENTRY--TOPICAL TERM
Topical term or geographic name as entry element Corporate Policy
9 (RLIN) 15664
942 ## - ADDED ENTRY ELEMENTS (KOHA)
Source of classification or shelving scheme Dewey Decimal Classification
Koha item type Book
Holdings
Withdrawn status Lost status Source of classification or shelving scheme Damaged status Not for loan Home library Current library Date acquired Source of acquisition Inventory number Total Checkouts Full call number Barcode Date last seen Price effective from Koha item type
    Dewey Decimal Classification     Faculty of Management Science Library Faculty of Management Science Library 27/01/2022 Purchase 15/4799   658.15 COP 2014 2022-0114 27/01/2022 27/01/2022 Book
    Dewey Decimal Classification     Faculty of Management Science Library Faculty of Management Science Library 27/01/2022 Purchase 15/4796   658.15 COP 2014 2022-0115 27/01/2022 27/01/2022 Book
    Dewey Decimal Classification     Faculty of Management Science Library Faculty of Management Science Library 27/01/2022 Purchase 15/47800   658.15 COP 2014 2022-0116 27/01/2022 27/01/2022 Book
    Dewey Decimal Classification     Faculty of Management Science Library Faculty of Management Science Library 27/01/2022 Purchase 15/4798   658.15 COP 2014 2022-0117 27/01/2022 27/01/2022 Book
    Dewey Decimal Classification     Faculty of Management Science Library Faculty of Management Science Library 27/01/2022 Purchase 15/4797   658.15 COP 2014 2022-0118 27/01/2022 27/01/2022 Book